Οργανισμός Οικονομικής Συνεργασίας Ευξείνου Πόντου : θεσμικές διαστάσεις

Αποθηκεύτηκε σε:
Λεπτομέρειες βιβλιογραφικής εγγραφής
Κύριος συγγραφέας: Νάσκου-Περράκη, Παρούλα
Μορφή: Βιβλίο
Γλώσσα:Greek
Δημοσίευση: Αθήνα, Κομοτηνή : Σάκκουλας, 2000.
Σειρά:Βιβλιοθήκη Διεθνούς και Ευρωπαικού Οικονομικού Δικαίου ; v.13
Θέματα:
Ετικέτες: Προσθήκη ετικέτας
Δεν υπάρχουν, Καταχωρήστε ετικέτα πρώτοι!

MARC

LEADER 00000cam a2200000 i 4500
001 1/2601
008 091218s2000 gr | ||| |||| ||gre||
020 |a 9601502432 
035 |l 10106076 
040 |a GR-MY-UA  |b gre  |e aacr 
041 0 |a gre 
082 7 |a 337.4752   |2 (22) 
100 1 |a Νάσκου-Περράκη, Παρούλα. 
245 1 0 |a Οργανισμός Οικονομικής Συνεργασίας Ευξείνου Πόντου :   |b θεσμικές διαστάσεις /   |c Π. Νάσκου-Περράκη.  
260 |a Αθήνα, Κομοτηνή :   |b Σάκκουλας,   |c 2000.  
300 |a 207 σ. ;   |c 24 εκ.  
490 1 |a (Βιβλιοθήκη Διεθνούς και Ευρωπαικού Οικονομικού Δικαίου  |v  vol.13 
504 |a Βιβλιογραφία: σ. [203]-207.  
610 2 0 |a Black Sea Economic Cooperation (Organization) 
650 0 0 |a International finance. 
650 0 0 |a Cooperation  |x Economic aspects. 
651 0 |a Black Sea Region  |x Economic conditions. 
830 0 |a Βιβλιοθήκη Διεθνούς και Ευρωπαικού Οικονομικού Δικαίου ;  |v  v.13 
852 |a INST  |b RHODES  |e 20091218  |h 337.4752 ΝΑΣ  |p 005400032225  |q 005400032225  |t BK  |y 0 
901 |a BIBL4-2009-3 
909 |a Ρ  |b 157249 
970 |a ΚΟΖΑ  |b ΜΑΡΙΑ  |z 2009/12/18